00436nam a2200181Ia 4500003000400000005001700004008004100021022001500062040001600077082001300093100001900106245003200125260003100157300003100188650000900219650001300228650001300241GCL20240530100804.0140319s9999 xx 000 0 eng d a2605001385 aGCL / cGCL04a759bL V1 aLEYMARIE, JEAN10aVAN GOGH / cLEYMARIE, JEAN ageneve : bSKIRA ، c1989 a177 P :bpictures ;c32 cm04aARTS04aPAINTING04aVAN GOGH